000 00390cam a22001217a 4500
008 180718bn.d. xxu||||| |||| 00| 0 eng d
082 _aB309x54 In2
245 _aReport of the evaluation committee
260 _aNew Delhi
_bIndian Institute of Public Administration
_cn.d.
300 _a71p.
650 _aEducation -- Congresses - India
700 _aIndian Institute of Public Administration
999 _c497011
_d497011